| 000 | 00918cam a2200229 a 4500 | ||
|---|---|---|---|
| 001 | 3546777 | ||
| 005 | 20250604122836.0 | ||
| 008 | 980302s1998 txuab b 001 0 eng | ||
| 020 | _a0030248884 | ||
| 050 | 0 | 0 |
_aHD62.4 _b.G53 1998 |
| 082 | 0 | 0 |
_a658/.049 _221 |
| 245 | 0 | 0 |
_aGlobal business / _cMichael R. Czinkota ... [et al.]. |
| 250 | _a2nd ed. | ||
| 260 |
_aFort Worth : _bDryden Press, _cc1998. |
||
| 300 |
_axxii, 614 p. : _bill. (some col.), maps (some col.) ; _c26 cm. |
||
| 500 | _a"Spanish glossary included"--Cover. | ||
| 500 | _aTeaching aids available on order to accompany text: instructor's manual and test bank, computerized test bank and RequesTest, acetate package (transparencies), videos. | ||
| 650 | 0 |
_aInternational business enterprises _xManagement. |
|
| 700 | 1 | _aCzinkota, Michael R. | |
| 856 | 7 |
_3Table of contents _uhttp://lcweb.loc.gov/catdir/toc/97-77736.html _2http |
|
| 942 |
_2lcc _cBK _n0 |
||
| 999 |
_c6255 _d6255 |
||